[Event "IX American Continental Classical Championship 201"]
[Site "Hotel Pipa AtlÃ¢ntico - Praia da Pipa - Rio Grande"]
[Date "2014.10.18"]
[Round "1"]
[Board "29"]
[White "Cori T., Deysi"]
[Black "Bulgarini Torre, Marco"]
[Result "1-0"]
[WhiteElo "2411"]
[BlackElo "1978"]
[PlyCount "47"]
[EventDate "2014.10.18"]
[EventRounds "11"]
[EventCountry "BRA"]

1. d4 Nf6 2. Nf3 c5 3. e3 g6 4. Nbd2 Bg7 5. c3 O-O 6. dxc5 Qc7 7. Nb3 Nc6 8.
Be2 Kh8 9. O-O Ne4 10. Nfd2 Ng5 11. Nd4 Nd8 12. b4 a5 13. Bb2 f5 14. Nc4 axb4
15. cxb4 Nde6 16. Nb6 Nxd4 17. Nxa8 Nxe2+ 18. Qxe2 Qc6 19. Nb6 f4 20. exf4 Ne6
21. g3 h5 22. Rac1 Rxf4 23. Bxg7+ Kxg7 24. gxf4 1-0

[Event "IX American Continental Classical Championship 201"]
[Site "Hotel Pipa AtlÃ¢ntico - Praia da Pipa - Rio Grande"]
[Date "2014.10.18"]
[Round "1"]
[Board "30"]
[White "Haskin, Zachary J"]
[Black "Leiva, Giuseppe"]
[Result "0-1"]
[WhiteElo "1976"]
[BlackElo "2409"]
[PlyCount "44"]
[EventDate "2014.10.18"]
[EventRounds "11"]
[EventCountry "BRA"]

1. e4 c5 2. Nf3 d6 3. d4 cxd4 4. Nxd4 Nf6 5. Nc3 a6 6. Be3 e5 7. Nb3 Be6 8. f3
Be7 9. Qd2 Nbd7 10. O-O-O b5 11. g4 b4 12. Na4 a5 13. g5 Nh5 14. Bb5 Rb8 15.
Nb6 Rxb6 16. Bxb6 Qxb6 17. Bxd7+ Kxd7 18. Kb1 Nf4 19. h4 h6 20. Rhg1 hxg5 21.
hxg5 Rh3 22. Rdf1 Rxf3 0-1

[Event "IX American Continental Classical Championship 201"]
[Site "Hotel Pipa AtlÃ¢ntico - Praia da Pipa - Rio Grande"]
[Date "2014.10.18"]
[Round "1"]
[Board "31"]
[White "Roselli Mailhe, Bernardo"]
[Black "Schuh, Astor Jose"]
[Result "1-0"]
[WhiteElo "2404"]
[BlackElo "1956"]
[PlyCount "81"]
[EventDate "2014.10.18"]
[EventRounds "11"]
[EventCountry "BRA"]

1. d4 c5 2. d5 d6 3. e4 e5 4. Nc3 Nf6 5. Be2 Be7 6. Nf3 a6 7. a4 Bg4 8. Nd2
Bxe2 9. Qxe2 Nbd7 10. a5 O-O 11. Nc4 Ne8 12. Qg4 Ndf6 13. Qh3 Qd7 14. Qd3 Qg4
15. Ne3 Qg6 16. g4 Nxg4 17. Nf5 Bd8 18. Rg1 Qh5 19. h3 Nh2 20. Rg3 Kh8 21. Qe2
g6 22. Qxh5 gxh5 23. Ke2 Rg8 24. Rxg8+ Kxg8 25. Bh6 f6 26. Rh1 Bxa5 27. Nd1 b5
28. Rxh2 c4 29. Nde3 Bb6 30. Rg2+ Kf7 31. Nxd6+ Nxd6 32. Rg7+ Ke8 33. Rg8+ Kd7
34. Rxa8 Nxe4 35. Rxa6 Kc7 36. Nf5 Kb7 37. Rxb6+ Kxb6 38. f3 Nc5 39. Be3 b4 40.
Nd6 f5 41. Nxf5 1-0

[Event "IX American Continental Classical Championship 201"]
[Site "Hotel Pipa AtlÃ¢ntico - Praia da Pipa - Rio Grande"]
[Date "2014.10.18"]
[Round "1"]
[Board "32"]
[White "Besso, Guadalupe"]
[Black "Santiago, Yago De Moura"]
[Result "0-1"]
[WhiteElo "1947"]
[BlackElo "2397"]
[PlyCount "46"]
[EventDate "2014.10.18"]
[EventRounds "11"]
[EventCountry "BRA"]

1. d4 Nf6 2. c4 e6 3. Nc3 Bb4 4. f3 c5 5. d5 b5 6. e4 O-O 7. Bd3 bxc4 8. Bxc4
Nxd5 9. Bxd5 exd5 10. Qxd5 Bxc3+ 11. bxc3 Ba6 12. Qxc5 Nc6 13. Be3 Re8 14. Nh3
Ne5 15. Nf2 Qh4 16. Qd6 Nd3+ 17. Kd1 Nxf2+ 18. Bxf2 Qxf2 19. Qxa6 Qxg2 20. Qf1
Qb2 21. Rc1 Qxa2 22. Qe2 Qxe2+ 23. Kxe2 d5 0-1

[Event "IX American Continental Classical Championship 201"]
[Site "Hotel Pipa AtlÃ¢ntico - Praia da Pipa - Rio Grande"]
[Date "2014.10.18"]
[Round "1"]
[Board "33"]
[White "Ruiz C, Joshua D"]
[Black "Freitas, Remulo Aguiar"]
[Result "1-0"]
[WhiteElo "2396"]
[BlackElo "1944"]
[PlyCount "49"]
[EventDate "2014.10.18"]
[EventRounds "11"]
[EventCountry "BRA"]

1. e4 e5 2. Nf3 Nc6 3. d4 exd4 4. Nxd4 Qh4 5. Nb5 Qxe4+ 6. Be2 Kd8 7. O-O a6 8.
N5c3 Qe8 9. Bf4 Nf6 10. Re1 Be7 11. Bf3 d6 12. Qd2 Be6 13. b4 Qd7 14. h3 h6 15.
Na3 g5 16. Bg3 g4 17. hxg4 Bxg4 18. Bxg4 Qxg4 19. b5 axb5 20. Naxb5 Rc8 21.
Rxe7 Nxe7 22. Rd1 Rg8 23. Nxc7 Rxc7 24. Qxd6+ Rd7 25. Qc7+ 1-0

[Event "IX American Continental Classical Championship 201"]
[Site "Hotel Pipa AtlÃ¢ntico - Praia da Pipa - Rio Grande"]
[Date "2014.10.18"]
[Round "1"]
[Board "34"]
[White "Cabezas Rojas, Bastian"]
[Black "Valdes Escobar, Alvaro"]
[Result "0-1"]
[WhiteElo "1942"]
[BlackElo "2378"]
[PlyCount "138"]
[EventDate "2014.10.18"]
[EventRounds "11"]
[EventCountry "BRA"]

1. d4 Nf6 2. c4 e6 3. Nf3 Bb4+ 4. Bd2 a5 5. a3 Bxd2+ 6. Qxd2 O-O 7. Nc3 d6 8.
e4 Nc6 9. b3 e5 10. d5 Nb8 11. Be2 Bg4 12. O-O Na6 13. Qc2 c6 14. Rfd1 Qb6 15.
Na4 Qc7 16. Nc3 Rfd8 17. Ne1 Bxe2 18. Qxe2 Nc5 19. Rab1 a4 20. b4 Nb3 21. Nc2
Rdc8 22. Nxa4 Rxa4 23. Rxb3 cxd5 24. exd5 Qxc4 25. Qxc4 Rxc4 26. Ne3 Rc7 27. f3
g6 28. Kf2 Ra8 29. Ke2 Nd7 30. g4 Nb6 31. Kd2 Rac8 32. Ra1 Nc4+ 33. Nxc4 Rxc4
34. a4 Rd4+ 35. Ke3 f5 36. gxf5 gxf5 37. Ra2 f4+ 38. Kf2 Rxd5 39. b5 b6 40. a5
bxa5 41. Rxa5 Rd2+ 42. Ke1 Rxh2 43. Kd1 Kf7 44. Ra7+ Ke6 45. Rd3 Rg8 46. Rd2
Rg1+ 47. Kc2 Rxd2+ 48. Kxd2 Rb1 49. Ra5 Kd5 50. Kc2 Rf1 51. b6+ Kc6 52. Rb5 Kb7
53. Rb3 Re1 54. Rd3 Re2+ 55. Kd1 Re3 56. Rxd6 Rxf3 57. Ke2 Re3+ 58. Kf2 h5 59.
Rf6 h4 60. Kg2 Rg3+ 61. Kf2 h3 62. Re6 h2 63. Rh6 Rb3 64. Kg2 Rxb6 65. Rh7+ Kc6
66. Kxh2 Kd5 67. Kg2 Ke4 68. Re7 Rb2+ 69. Kf1 Kf3 0-1

[Event "IX American Continental Classical Championship 201"]
[Site "Hotel Pipa AtlÃ¢ntico - Praia da Pipa - Rio Grande"]
[Date "2014.10.18"]
[Round "1"]
[Board "35"]
[White "Quintiliano Pinto, Renato R."]
[Black "Zimmermann, Kleber Renato P."]
[Result "1-0"]
[WhiteElo "2378"]
[BlackElo "1938"]
[PlyCount "75"]
[EventDate "2014.10.18"]
[EventRounds "11"]
[EventCountry "BRA"]

1. d4 Nf6 2. c4 g6 3. Nc3 d5 4. Nf3 Bg7 5. Qa4+ c6 6. cxd5 Nxd5 7. e4 Nxc3 8.
bxc3 O-O 9. Be2 c5 10. O-O Bg4 11. Be3 Nc6 12. Rfd1 Bxf3 13. Bxf3 cxd4 14. cxd4
e5 15. dxe5 Qe7 16. Rab1 Nxe5 17. Be2 Rfc8 18. f4 Nc6 19. Bc4 Rc7 20. Bd5 Rac8
21. Rdc1 Qd6 22. Qd1 Bf8 23. e5 Qd7 24. Qb3 Na5 25. e6 Nxb3 26. exd7 Nxc1 27.
dxc8=Q Ne2+ 28. Kf2 Rxc8 29. Kxe2 b6 30. Rc1 Re8 31. Rc7 Re7 32. Rc8 Kg7 33.
Bb3 f6 34. g4 h6 35. g5 fxg5 36. fxg5 hxg5 37. Kd3 Rd7+ 38. Bd4+ 1-0

[Event "IX American Continental Classical Championship 201"]
[Site "Hotel Pipa AtlÃ¢ntico - Praia da Pipa - Rio Grande"]
[Date "2014.10.18"]
[Round "1"]
[Board "36"]
[White "Rapouso, Ricardo Luis Borba"]
[Black "Castro, Oscar H."]
[Result "0-1"]
[WhiteElo "1934"]
[BlackElo "2359"]
[PlyCount "54"]
[EventDate "2014.10.18"]
[EventRounds "11"]
[EventCountry "BRA"]

1. d4 f5 2. c4 Nf6 3. Nc3 e6 4. e3 d5 5. Bd3 Bd6 6. Nge2 O-O 7. f3 c5 8. O-O
cxd4 9. exd4 dxc4 10. Bxc4 Qc7 11. Qb3 Bxh2+ 12. Kh1 Nc6 13. Bxe6+ Kh8 14. Nb5
Qe7 15. Bxc8 Qxe2 16. Bg5 Qe8 17. Kxh2 Qh5+ 18. Kg1 Qxg5 19. Bxb7 Na5 20. Qa3
Nxb7 21. Nc7 f4 22. Ne6 Qa5 23. Qe7 Rg8 24. Qxb7 Rab8 25. Qf7 Qd5 26. Rfe1 Rb7
27. Re5 Rxf7 0-1

[Event "IX American Continental Classical Championship 201"]
[Site "Hotel Pipa AtlÃ¢ntico - Praia da Pipa - Rio Grande"]
[Date "2014.10.18"]
[Round "1"]
[Board "37"]
[White "Umetsubo, Cesar Hidemitsu"]
[Black "Quaranta Neto, Francisco"]
[Result "1-0"]
[WhiteElo "2355"]
[BlackElo "1933"]
[PlyCount "83"]
[EventDate "2014.10.18"]
[EventRounds "11"]
[EventCountry "BRA"]

1. d4 d5 2. c4 c6 3. Nf3 Nf6 4. Nc3 e6 5. cxd5 exd5 6. Bg5 Be7 7. Qc2 Bg4 8. e3
Nbd7 9. Bd3 Rc8 10. Rb1 Bh5 11. b4 Bg6 12. O-O O-O 13. h3 Ne4 14. Bf4 Nxc3 15.
Qxc3 Nb6 16. Ne5 Bxd3 17. Qxd3 f6 18. Nf3 Bd6 19. Bxd6 Qxd6 20. Nd2 f5 21. b5
Rce8 22. bxc6 bxc6 23. a4 f4 24. a5 Nd7 25. Rb7 c5 26. Qb5 Re7 27. dxc5 Nxc5
28. Rxe7 Qxe7 29. exf4 Rd8 30. Rc1 Ne6 31. Re1 Qf7 32. g3 Nxf4 33. gxf4 Rf8 34.
Qb4 g5 35. Nf3 h6 36. Re7 Qh5 37. Qd4 Qg6 38. Qxd5+ Kh8 39. Qe5+ Kg8 40. Qe6+
Qxe6 41. Rxe6 Rxf4 42. Kg2 1-0

[Event "IX American Continental Classical Championship 201"]
[Site "Hotel Pipa AtlÃ¢ntico - Praia da Pipa - Rio Grande"]
[Date "2014.10.18"]
[Round "1"]
[Board "38"]
[White "Ribeiro , Allysson"]
[Black "Macedo, Maximo Iack"]
[Result "0-1"]
[WhiteElo "1926"]
[BlackElo "2336"]
[PlyCount "58"]
[EventDate "2014.10.18"]
[EventRounds "11"]
[EventCountry "BRA"]

1. d4 d5 2. c4 e6 3. Nc3 Bb4 4. Nf3 dxc4 5. e3 b5 6. a4 c6 7. Ne5 Nf6 8. axb5
cxb5 9. Be2 Bb7 10. O-O a6 11. Bf3 Qb6 12. Bd2 Be7 13. Bxb7 Qxb7 14. e4 O-O 15.
f3 Rd8 16. Be3 Nbd7 17. Qc2 Nxe5 18. dxe5 Nd7 19. Bf4 Qc7 20. Rfd1 Nxe5 21.
Rxd8+ Bxd8 22. Qd2 Bf6 23. Qe3 Qc6 24. Bg3 h6 25. Bxe5 Bxe5 26. f4 Bc7 27. Kf1
Rd8 28. Rd1 Rxd1+ 29. Nxd1 Qd6 0-1

[Event "IX American Continental Classical Championship 201"]
[Site "Hotel Pipa AtlÃ¢ntico - Praia da Pipa - Rio Grande"]
[Date "2014.10.18"]
[Round "1"]
[Board "39"]
[White "Pereira, Silvio Cunha"]
[Black "Pinero, Ismael"]
[Result "1-0"]
[WhiteElo "2335"]
[BlackElo "1925"]
[PlyCount "109"]
[EventDate "2014.10.18"]
[EventRounds "11"]
[EventCountry "BRA"]

1. e4 c5 2. Nf3 Nc6 3. d4 cxd4 4. Nxd4 Nf6 5. Nc3 e5 6. Ndb5 d6 7. Bg5 a6 8.
Bxf6 gxf6 9. Na3 b5 10. Nd5 f5 11. c3 Bg7 12. Bd3 Ne7 13. Nxe7 Qxe7 14. Nc2 d5
15. exf5 O-O 16. Qh5 e4 17. Be2 Rb8 18. Rd1 Rd8 19. O-O Rb6 20. f4 exf3 21.
Qxf3 Rh6 22. Nd4 Rdd6 23. Bd3 Be5 24. g3 Qg5 25. Qe2 Bxd4+ 26. cxd4 Bd7 27. Qe5
Rdf6 28. Rc1 Qd2 29. Qe2 Qxe2 30. Bxe2 Rxf5 31. Bd3 Rxf1+ 32. Rxf1 Kg7 33. Re1
a5 34. Re5 Rd6 35. Rg5+ Kf6 36. Rh5 Ke7 37. Bxh7 Be6 38. Re5 Rc6 39. Bd3 b4 40.
Re2 Kf6 41. Rc2 Rb6 42. Rc5 a4 43. Rb5 Rxb5 44. Bxb5 a3 45. bxa3 bxa3 46. Bd3
Bh3 47. Kf2 Kg5 48. Bc2 Bd7 49. h4+ Kg4 50. Bd1+ Kh3 51. Bf3 Be6 52. h5 f5 53.
h6 Bg8 54. Bxd5 Bh7 55. Kf3 1-0

[Event "IX American Continental Classical Championship 201"]
[Site "Hotel Pipa AtlÃ¢ntico - Praia da Pipa - Rio Grande"]
[Date "2014.10.18"]
[Round "1"]
[Board "40"]
[White "Braga, Jose Pereira"]
[Black "Abarca Gonzalez, Nicolas"]
[Result "0-1"]
[WhiteElo "1922"]
[BlackElo "2328"]
[PlyCount "48"]
[EventDate "2014.10.18"]
[EventRounds "11"]
[EventCountry "BRA"]

1. e4 c5 2. Nf3 d6 3. d4 cxd4 4. Nxd4 Nf6 5. Nc3 a6 6. Bg5 e6 7. g3 Be7 8. Bg2
Nxe4 9. Bxe7 Nxc3 10. Bxd8 Nxd1 11. Bc7 Nxb2 12. Bxd6 Nc4 13. Bb4 e5 14. Nb3
Nc6 15. Bxc6+ bxc6 16. O-O Be6 17. Rfe1 f6 18. f4 Kf7 19. Nc5 Rhd8 20. Bc3 Rd5
21. Nd3 Na3 22. Rac1 Nxc2 23. Nxe5+ fxe5 24. Rxc2 exf4 {resto ilegÃ­vel} 0-1

[Event "IX American Continental Classical Championship 201"]
[Site "Hotel Pipa AtlÃ¢ntico - Praia da Pipa - Rio Grande"]
[Date "2014.10.18"]
[Round "1"]
[Board "43"]
[White "Cuellar, Diego"]
[Black "Camara, Jose Arruda"]
[Result "1-0"]
[WhiteElo "2302"]
[BlackElo "1905"]
[PlyCount "63"]
[EventDate "2014.10.18"]
[EventRounds "11"]
[EventCountry "BRA"]

1. e4 e6 2. d4 d5 3. Nc3 Nf6 4. Bg5 Be7 5. e5 Nfd7 6. Bxe7 Qxe7 7. f4 a6 8. Nf3
c5 9. dxc5 Qxc5 10. Qd2 Nc6 11. Bd3 f6 12. exf6 Nxf6 13. O-O-O b5 14. Ne2 Ng4
15. Ned4 Nxd4 16. Nxd4 O-O 17. h3 Nf6 18. g4 Bd7 19. Rhf1 Kh8 20. Nf3 b4 21.
Rde1 a5 22. Ne5 Bb5 23. Qe2 Bxd3 24. Qxd3 Qc7 25. h4 Rac8 26. Kb1 Ne4 27. h5 a4
28. Rxe4 dxe4 29. Qxe4 b3 30. axb3 axb3 31. cxb3 Qa7 32. Ng6+ 1-0

[Event "IX American Continental Classical Championship 201"]
[Site "Hotel Pipa AtlÃ¢ntico - Praia da Pipa - Rio Grande"]
[Date "2014.10.18"]
[Round "1"]
[Board "44"]
[White "Lima, Alan Silva De"]
[Black "Acosta, Pablo Ismael"]
[Result "0-1"]
[WhiteElo "1904"]
[BlackElo "2300"]
[PlyCount "106"]
[EventDate "2014.10.18"]
[EventRounds "11"]
[EventCountry "BRA"]

1. c4 c5 2. g3 g6 3. Bg2 Bg7 4. Nf3 Nc6 5. O-O e6 6. d3 Nge7 7. e4 O-O 8. Nc3
a6 9. Be3 Nd4 10. Qd2 d6 11. Bh6 Rb8 12. Nxd4 cxd4 13. Ne2 e5 14. h3 b5 15. b3
f5 16. Bxg7 Kxg7 17. f4 fxe4 18. dxe4 bxc4 19. bxc4 Be6 20. Rfc1 Qc7 21. Kh1
Qc5 22. Rc2 Qa3 23. Rf1 h6 24. g4 Qb4 25. Qd3 Rbc8 26. Rfc1 exf4 27. Nxd4 Bg8
28. Nf3 Nc6 29. c5 dxc5 30. Rxc5 Ne5 31. Rc7+ Rf7 32. Qc3 Qxc3 33. R7xc3 Rxc3
34. Rxc3 Re7 35. Nxe5 Rxe5 36. Rc7+ Kf6 37. Rc6+ Re6 38. Rc3 Bf7 39. Rc5 g5 40.
a4 Bg6 41. Ra5 Bxe4 42. Bxe4 Rxe4 43. Rxa6+ Ke5 44. Kg2 Re2+ 45. Kf3 Re3+ 46.
Kg2 Rg3+ 47. Kh2 Ke4 48. Rxh6 Kf3 49. Rb6 Rg2+ 50. Kh1 Kg3 51. Rb3+ f3 52. Ra3
Rb2 53. Ra1 Rh2+ 0-1

[Event "IX American Continental Classical Championship 201"]
[Site "Hotel Pipa AtlÃ¢ntico - Praia da Pipa - Rio Grande"]
[Date "2014.10.18"]
[Round "1"]
[Board "46"]
[White "Prado Filho, Ricardo De Almeid"]
[Black "Alarcon Bahamondes, Roberto"]
[Result "0-1"]
[WhiteElo "1893"]
[BlackElo "2276"]
[PlyCount "110"]
[EventDate "2014.10.18"]
[EventRounds "11"]
[EventCountry "BRA"]

1. d4 Nf6 2. c4 e6 3. Nc3 Bb4 4. e3 O-O 5. Nge2 Re8 6. a3 Bf8 7. Nf4 a5 8. Bd3
d6 9. O-O e5 10. Nfe2 g6 11. f4 exd4 12. exd4 Ng4 13. Rf3 f5 14. b3 Bg7 15. h3
Nf6 16. Bb2 c6 17. d5 c5 18. Qd2 Bd7 19. Kh2 Na6 20. Nb5 Bxb5 21. cxb5 Nc7 22.
Nc3 Ng4+ 23. Kh1 Qh4 24. Nd1 Qe1+ 25. Qxe1 Rxe1+ 26. Rf1 Rxf1+ 27. Bxf1 Nf2+
28. Nxf2 Bxb2 29. Ra2 Bd4 30. Bc4 Re8 31. g3 Na8 32. Kg2 a4 33. bxa4 Nb6 34.
Re2 Ra8 35. Bb3 c4 36. Bc2 Nxd5 37. Kf3 Bc5 38. g4 Kg7 39. Nd1 Bxa3 40. gxf5
gxf5 41. Ne3 Nxe3 42. Rxe3 Bc5 43. Re7+ Kf6 44. Rxb7 Re8 45. Bd1 Re3+ 46. Kg2
c3 47. Kf1 Rd3 48. Ke2 Rd2+ 49. Ke1 Bf2+ 50. Kf1 Rxd1+ 51. Kxf2 c2 52. Rc7 c1=Q
53. Rxc1 Rxc1 54. b6 Ra1 55. b7 Rb1 0-1

[Event "IX American Continental Classical Championship 201"]
[Site "Hotel Pipa AtlÃ¢ntico - Praia da Pipa - Rio Grande"]
[Date "2014.10.18"]
[Round "1"]
[Board "47"]
[White "Llorens Sepulveda, Marcelo"]
[Black "Gomes, Carlos Henrique Caldeir"]
[Result "1-0"]
[WhiteElo "2275"]
[BlackElo "1888"]
[PlyCount "57"]
[EventDate "2014.10.18"]
[EventRounds "11"]
[EventCountry "BRA"]

1. e4 c6 2. Nf3 d5 3. Nc3 Bg4 4. h3 Bxf3 5. Qxf3 dxe4 6. Nxe4 Nf6 7. Nc3 Nbd7
8. g3 Qc7 9. Bg2 e6 10. O-O Bd6 11. d3 O-O 12. Re1 Rfe8 13. Bd2 Rad8 14. a3 Ne5
15. Qe2 Ng6 16. Rab1 a5 17. b4 axb4 18. axb4 b5 19. Ne4 Nxe4 20. Qxe4 Ne7 21.
Bg5 Rc8 22. c4 Qa7 23. Ra1 Qb7 24. Reb1 Qd7 25. Ra6 f6 26. Be3 bxc4 27. dxc4
Rb8 28. Rd1 Qc7 29. Qxe6+ 1-0

[Event "IX American Continental Classical Championship 201"]
[Site "Hotel Pipa AtlÃ¢ntico - Praia da Pipa - Rio Grande"]
[Date "2014.10.18"]
[Round "1"]
[Board "48"]
[White "Carneiro, Francisco Caninde Sa"]
[Black "Sztokbant, Bernardo Vainzoff"]
[Result "0-1"]
[WhiteElo "1887"]
[BlackElo "2271"]
[PlyCount "47"]
[EventDate "2014.10.18"]
[EventRounds "11"]
[EventCountry "BRA"]

1. e4 e5 2. Nf3 Nc6 3. Bc4 Bc5 4. O-O Nf6 5. d3 d6 6. h3 O-O 7. Bg5 h6 8. Bh4
Na5 9. Bb3 g5 10. Bg3 Nxb3 11. axb3 Re8 12. Nc3 Bd7 13. Qd2 Nh5 14. Kh2 Bc6 15.
Rae1 Qf6 16. Nd1 Nf4 17. Ne3 h5 18. Nf5 d5 19. h4 dxe4 20. hxg5 Qxf5 21. dxe4
Bxe4 22. Nh4 Qh7 23. Bxf4 exf4 24. Qxf4 0-1

[Event "IX American Continental Classical Championship 201"]
[Site "Hotel Pipa AtlÃ¢ntico - Praia da Pipa - Rio Grande"]
[Date "2014.10.18"]
[Round "1"]
[Board "49"]
[White "Brito, Luismar"]
[Black "Lunelli, Neuri Antonio"]
[Result "1-0"]
[WhiteElo "2261"]
[BlackElo "1887"]
[PlyCount "99"]
[EventDate "2014.10.18"]
[EventRounds "11"]
[EventCountry "BRA"]

1. Nc3 Nf6 2. Nf3 d5 3. d4 Bf5 4. e3 e6 5. Bd3 Bg6 6. Qe2 c5 7. Bxg6 hxg6 8.
Qb5+ Qd7 9. dxc5 a6 10. Qxd7+ Nbxd7 11. b4 a5 12. Nb5 Rc8 13. c3 Ne4 14. Nd2
Ng5 15. a3 f6 16. c4 Nb8 17. cxd5 exd5 18. Nd4 Kd7 19. N2b3 b6 20. cxb6 axb4
21. a4 Ne4 22. a5 Na6 23. Bd2 Bd6 24. h3 Rc4 25. Ke2 Rhc8 26. Rhb1 Nec5 27.
Nxc5+ Bxc5 28. Kd3 Bd6 29. Nb3 Be5 30. Ra2 Kc6 31. f4 Bd6 32. Rc1 Kb7 33. Rac2
Rxc2 34. Rxc2 Rxc2 35. Kxc2 Kc6 36. Nd4+ Kd7 37. g4 Bc5 38. Nb3 Bd6 39. Kd3 Kc6
40. Nd4+ Kd7 41. h4 Nc5+ 42. Kc2 Na6 43. h5 gxh5 44. gxh5 Bc5 45. Kb3 Bf8 46.
Ka4 Nc5+ 47. Kb5 b3 48. Bc1 Kc8 49. a6 Bd6 50. Kc6 1-0

[Event "IX American Continental Classical Championship 201"]
[Site "Hotel Pipa AtlÃ¢ntico - Praia da Pipa - Rio Grande"]
[Date "2014.10.18"]
[Round "1"]
[Board "50"]
[White "Luz, Arthur Nader"]
[Black "Feliciano Ebert, Vanessa"]
[Result "0-1"]
[WhiteElo "1885"]
[BlackElo "2252"]
[PlyCount "92"]
[EventDate "2014.10.18"]
[EventRounds "11"]
[EventCountry "BRA"]

1. d4 Nf6 2. c4 e6 3. Nc3 Bb4 4. e3 O-O 5. Nge2 d5 6. a3 Bd6 7. c5 Be7 8. b4 b6
9. Nf4 c6 10. Be2 bxc5 11. bxc5 Qc7 12. O-O Nbd7 13. Nd3 e5 14. dxe5 Nxe5 15.
Nxe5 Qxe5 16. Bb2 Rb8 17. Qc1 Bg4 18. f4 Qe6 19. Bxg4 Nxg4 20. Nd1 Bf6 21. Bxf6
Nxf6 22. Nc3 Qe7 23. Ne2 Ne4 24. Nd4 Rfc8 25. Qc2 Nxc5 26. Nf5 Qf8 27. Rab1 Nd7
28. Rxb8 Nxb8 29. Rf3 Nd7 30. Nxg7 Kxg7 31. Qf5 Qe7 32. Rh3 h6 33. Qg4+ Kf8 34.
Rxh6 Qxe3+ 35. Kf1 Rb8 36. Rh8+ Ke7 37. Qg5+ Kd6 38. Rxb8 Nxb8 39. Qf6+ Qe6 40.
Qxe6+ Kxe6 41. g4 Nd7 42. Kf2 Nf6 43. Kf3 c5 44. g5 Ne4 45. h4 Kf5 46. h5 Nxg5+
 0-1

[Event "IX American Continental Classical Championship 201"]
[Site "Hotel Pipa AtlÃ¢ntico - Praia da Pipa - Rio Grande"]
[Date "2014.10.18"]
[Round "1"]
[Board "51"]
[White "Terao, Juliana Sayumi"]
[Black "Ferreira, Jose Carlos"]
[Result "1-0"]
[WhiteElo "2229"]
[BlackElo "1884"]
[PlyCount "113"]
[EventDate "2014.10.18"]
[EventRounds "11"]
[EventCountry "BRA"]

1. e4 c5 2. Nf3 e6 3. b3 Nc6 4. Bb2 Qc7 5. c4 a6 6. Nc3 Nf6 7. Rc1 Be7 8. Bd3
O-O 9. O-O d6 10. Bb1 e5 11. Nd5 Nxd5 12. cxd5 Nd8 13. d4 f6 14. dxc5 dxc5 15.
Qd3 b6 16. Rfd1 Bd6 17. Nd2 b5 18. Qe2 Qf7 19. a4 Bd7 20. Bd3 Rb8 21. axb5 axb5
22. Ra1 Rb6 23. Rdc1 Nb7 24. Qe3 Rc8 25. Ba3 Ra6 26. Bb2 Rca8 27. Qe1 Qe8 28.
g3 Ra2 29. Rxa2 Rxa2 30. Rc2 Ra7 31. Rc1 Ra2 32. Rc2 Ra7 33. Bc3 Qb8 34. Qe2
Qe8 35. Nf1 Ra3 36. Rb2 Ra1 37. Ra2 Rxa2 38. Qxa2 Qb8 39. Qa6 b4 40. Bd2 Nd8
41. Ne3 Bf8 42. Nc4 Bb5 43. Qa5 Bxc4 44. Bxc4 Qd6 45. Be3 g5 46. Qb5 Kg7 47.
Be2 Nf7 48. Bg4 Nd8 49. Kf1 Be7 50. Ke2 Qc7 51. h4 gxh4 52. gxh4 Nf7 53. Be6
Qa7 54. Qe8 Bf8 55. Qxf7+ Qxf7 56. Bxf7 Kxf7 57. Kd3 1-0

[Event "IX American Continental Classical Championship 201"]
[Site "Hotel Pipa AtlÃ¢ntico - Praia da Pipa - Rio Grande"]
[Date "2014.10.18"]
[Round "1"]
[Board "52"]
[White "Gomes, Marco Tulio"]
[Black "Teixeira, Ricardo Da Silva"]
[Result "0-1"]
[WhiteElo "1880"]
[BlackElo "2220"]
[PlyCount "74"]
[EventDate "2014.10.18"]
[EventRounds "11"]
[EventCountry "BRA"]

1. e4 e6 2. d3 d5 3. Nd2 Nf6 4. g3 Nc6 5. Bg2 Bc5 6. Ngf3 dxe4 7. dxe4 e5 8.
O-O O-O 9. Re1 Be6 10. c3 a5 11. Qe2 Qe7 12. a4 Rad8 13. Nc4 Bc8 14. Bg5 h6 15.
Bxf6 Qxf6 16. Rad1 b6 17. Ne3 Bxe3 18. Qxe3 Be6 19. Nd2 Rd6 20. Bf1 Rfd8 21.
Be2 Qg5 22. Qxg5 hxg5 23. Nf3 g4 24. Rxd6 Rxd6 25. Nh4 Rd2 26. Bb5 Na7 27. b4
axb4 28. cxb4 Nxb5 29. axb5 Rd4 30. Nf5 Rxb4 31. Rc1 Rc4 32. Re1 g6 33. Ne7+
Kf8 34. Nc6 Rc5 35. Rb1 Bd7 36. Na7 Rc4 37. Rd1 Ke7 0-1

[Event "IX American Continental Classical Championship 201"]
[Site "Hotel Pipa AtlÃ¢ntico - Praia da Pipa - Rio Grande"]
[Date "2014.10.18"]
[Round "1"]
[Board "53"]
[White "Sega, Carlos Alberto"]
[Black "Farias, Edilsom"]
[Result "1-0"]
[WhiteElo "2218"]
[BlackElo "1874"]
[PlyCount "73"]
[EventDate "2014.10.18"]
[EventRounds "11"]
[EventCountry "BRA"]

1. c4 g6 2. g3 Bg7 3. Bg2 c5 4. Nc3 Nc6 5. Nf3 e5 6. O-O Nge7 7. a3 O-O 8. Rb1
a5 9. Ne1 d6 10. Nc2 Be6 11. Ne3 Rb8 12. d3 Qd7 13. Ned5 Kh8 14. Bd2 b6 15.
Nxe7 Nxe7 16. b4 axb4 17. axb4 Bh3 18. Qa4 Qxa4 19. Nxa4 Bxg2 20. Kxg2 Nc6 21.
b5 Nd4 22. e3 Ne6 23. Nc3 Nc7 24. Ra1 Ra8 25. e4 Kg8 26. Ra4 Rxa4 27. Nxa4 Rb8
28. Ra1 Kf8 29. Nxb6 Rxb6 30. Ba5 Rb7 31. Bxc7 Rxc7 32. b6 Rd7 33. Ra7 Ke8 34.
b7 Rxb7 35. Rxb7 h5 36. g4 hxg4 37. Kg3 1-0

[Event "IX American Continental Classical Championship 201"]
[Site "Hotel Pipa AtlÃ¢ntico - Praia da Pipa - Rio Grande"]
[Date "2014.10.18"]
[Round "1"]
[Board "54"]
[White "De Freitas, Julio Eimard"]
[Black "Fernandez, Maria Florencia"]
[Result "0-1"]
[WhiteElo "1872"]
[BlackElo "2218"]
[PlyCount "71"]
[EventDate "2014.10.18"]
[EventRounds "11"]
[EventCountry "BRA"]

1. d4 Nf6 2. c4 g6 3. Nc3 Bg7 4. e4 d6 5. h3 O-O 6. Nf3 e5 7. d5 Na6 8. Be3 c6
9. Be2 cxd5 10. cxd5 Nc5 11. Nd2 a5 12. a3 Bd7 13. g4 a4 14. h4 b5 15. g5 Ne8
16. Bxc5 dxc5 17. Bg4 Nd6 18. Bxd7 Qxd7 19. Qf3 b4 20. Ne2 Rab8 21. h5 bxa3 22.
Qxa3 Rb4 23. h6 Bh8 24. Ng3 Qg4 25. Qe3 Rd4 26. Ne2 Rxd2 27. Qxd2 Qxe4 28. O-O
Nc4 29. f3 Qf5 30. Qc1 Nb6 31. Kf2 e4 32. Qxc5 Nxd5 33. Rxa4 exf3 34. Nd4 Qe4
35. Nc6 Qe2+ 36. Kg3 0-1